000 00873nam a2200253 i 4500
001 175368
003 ES-MaACL
005 20251218174600.0
007 t|
008 101025s1972 sp o r ||||1| spa d
080 _a75 Sempere, Eusebio
080 _a929 Sempere, Eusebio
100 1 _aPopovici, Cirilo L.,
_d1902-1995
_993104
245 1 0 _aSempere /
_cCirilo Popovici.
260 _a[Madrid :
_bDirección General de Bellas Artes,
_c1972]
300 _a97 p. :
_bfot. col. y n. ;
_c17 cm.
490 1 _aArtistas españoles contemporáneos. Pintores ;
_v35
504 _aBibliografía: p. 79-81.
600 1 4 _aSempere, Eusebio,
_d1924-1985
_9237821
710 1 _aEspaña.
_bDirección General de Bellas Artes.
_93704
830 0 _aArtistas españoles contemporáneos. Pintores
_v35
_9189664
852 _aES-MaACL
_j2261-F-35
999 _c175368
_d175368